| 000 | 00940nam a2200253 i 4500 | ||
|---|---|---|---|
| 001 | 8998 | ||
| 003 | ES-MaACL | ||
| 005 | 20250828001647.0 | ||
| 007 | t| | ||
| 008 | 930128s1991 sp ||||1| spa d | ||
| 020 | _a84-7433-682-1 | ||
| 080 | _a55.07:37 | ||
| 080 | _a37:55.07 | ||
| 245 | 0 | 0 |
_aEducación ambiental _b: principios para su enseñanza y aprendizaje. |
| 260 |
_aMadrid : _bMinisterio de Obras Públicas y Transportes, _cD.L. 1991. |
||
| 300 |
_a250 p. ; _c23 cm. |
||
| 490 | 1 | _aMonografías de la Secretaría de Estado para las Políticas del Agua y el Medio Ambiente | |
| 500 | _aBibliogr.: p. 247-250. | ||
| 650 | 1 | 7 |
_aEducación ambiental _2embne _912086 |
| 710 | 1 |
_aEspaña. _bMinisterio de Obras Públicas y Transportes. _93916 |
|
| 830 | 0 |
_aMonografías de la Secretaría de Estado para las Políticas del Agua y el Medio Ambiente _9178427 |
|
| 852 |
_aES-MaACL _jL-16502 _bR.120861 |
||
| 999 |
_c8998 _d8998 |
||